00773cam a22002174a 45000010009000000050017000090080041000260100017000670200018000840500021001022450102001232460064002252460035002892460050003242600038003743000034004125000017004465000020004636500036004837300036005191596554320170206081405.0091029s2011 nyua 001 0 eng  a 2009046022 a978158816546600aNK2121 .C69 201100aCountry living 150 ways to dress your windows :ba decorating guide to curtains, sheers & shades.3 aCountry living one hundred fifty ways to dress your windows30a150 ways to dress your windows30aDecorating guide to curtains, sheers & shades aNew York :bHearst Books,cc2011. a156 p. :bcol. ill. ;c24 cm. aCover title. aIncludes index. 0aWindows in interior decoration.0 aCountry living (New York, N.Y.)